000 00515nam a22001817a 4500
005 20251108164400.0
008 250721s1995 xx 000 0 ara d
082 1 4 _a220.956/حسن
100 1 _aالحسن بن طلال،
245 1 0 _aالمسيحية في العالم العربي /
264 1 _aعمان :
_bمكتبة عمان،
_c1995.
300 _a134ص.
650 1 7 _aالمسيحية
650 1 7 _aالبلدان العربية
650 1 7 _aالتاريخ
942 _2ddc
_cBK
999 _c10773
_d10773